| 000 | 00617nam a2200241Ia 4500 | ||
|---|---|---|---|
| 999 |
_c53148 _d53148 |
||
| 001 | 20187 | ||
| 003 | GE_BSU | ||
| 005 | 20250701121826.0 | ||
| 008 | 181216s2007||||enk|||||||||||||| ||eng|| | ||
| 020 | _a9781405848282 | ||
| 040 | _cGE_BSU | ||
| 041 | _aeng | ||
| 080 | _a811.111(075.8) B-99 | ||
| 100 |
_aBygrave, Jonathan _916813 |
||
| 245 |
_aTotal English : Students book : Starter / _cJonathan Bygrave. |
||
| 264 |
_aHarlow : _bPearson Longman, _c2007. |
||
| 300 |
_a152 p. ; _c29 cm. |
||
| 541 | _h5 Gel. | ||
| 653 | _aTotal English | ||
| 653 | _aStudents book | ||
| 653 | _aStarter | ||
| 942 |
_cBK _2udc |
||